| 000 | 00982nam a2200265Ia 4500 | ||
|---|---|---|---|
| 001 | 16347 | ||
| 003 | GE_BSU | ||
| 008 | 181216s||||||||xx |||||||||||||| ||und|| | ||
| 020 | _aISBN 99928-32-86-X | ||
| 040 | _cGE_BSU | ||
| 080 | _a347.9(076.1) | ||
| 100 | _aძლიერიშვილი, ზურაბ | ||
| 245 | _aსამოქალაქო საპროცესო სამართალი | ||
| 245 | _b(პრაქტ. ამოცანები) | ||
| 245 | _cრედ.: რომან შენგელია | ||
| 260 | _aთბილისი | ||
| 260 | _bმერიდიანი | ||
| 260 | _c2003 | ||
| 300 | _a140გვ;20სმ. | ||
| 300 | _bბიბლიოგრ.: გვ. 137-138 | ||
| 541 | _h8ლ. | ||
| 653 | _aსამართალი | ||
| 653 | _aსამოქალაქო საპროცესო სამართალი - ამოცანების კრებულები; | ||
| 942 | _cBK | ||
| 999 |
_c49424 _d49424 |
||